Οι Κυνηγοί του Χρημάτος / Πώς Κερδίζουν και γιατί Χάνουν στο Χρηματιστήριο της Αθήνας (Record no. 4626)
[ view plain ]
| 000 -LEADER | |
|---|---|
| fixed length control field | 01735cam a22001934a 4500 |
| 005 - ΗΜΕΡΟΜΗΝΙΑ ΚΑΙ ΩΡΑ ΤΕΛΕΥΤΑΙΑΣ ΕΝΗΜΕΡΩΣΗΣ | |
| Πεδίο ελέγχου | 20250605164151.0 |
| 008 - FIXED-LENGTH DATA ELEMENTS--GENERAL INFORMATION | |
| Πεδίο ελέγχου σταθερού μήκους | 250528s ||||||||||||||||||||||||d |
| 035 ## - SYSTEM CONTROL NUMBER | |
| System control number | 19370 |
| 020 ## - ISBN | |
| ISBN | 960820223 |
| 040 ## - ΠΗΓΗ ΚΑΤΑΛΟΓΟΓΡΑΦΗΣΗΣ | |
| Φορέας πρωτότυπης καταλογογράφησης | MC Athens Campus Library |
| Γλώσσα καταλογογράφησης | Ελληνικά, Μοντέρνα (1453-) |
| Modifying agency | MC Athens Campus Library |
| Κανόνες περιγραφικής καταλογογράφησης | AACR2 |
| 245 1# - ΤΙΤΛΟΣ ΚΑΙ ΔΗΛΩΣΗ ΥΠΕΥΘΥΝΟΤΗΤΑΣ | |
| Τίτλος | Οι Κυνηγοί του Χρημάτος / Πώς Κερδίζουν και γιατί Χάνουν στο Χρηματιστήριο της Αθήνας |
| 260 ## - PUBLICATION, DISTRIBUTION, ETC. | |
| Name of publisher, distributor, etc. | Περίπλους, |
| Date of publication, distribution, etc. | 2001 |
| 300 ## - PHYSICAL DESCRIPTION | |
| Extent | 280 |
| 520 ## - SUMMARY, ETC. | |
| Summary, etc. | Συναρπαστικό βιβλίο για το χρηματιστήριο, που διδάσκει με απλό και κατανοητό ύφος κερδισμένους και χαμένους. Γιατί Έπρεπε να Ειπωθούν Όλα Αυτά, Αυτοί που Έφτασαν στο Όνειρο, Η Μοναδική Σταθερά: Εξέλιξη, Αλχημιστής: Ο Άνθρωπος που Επιδίωκε το Αδύνατο, Μαχητής: Η Καλύτερη Άμυνα είναι η Επίθεση, Πρίγκηπας: Έζησε Δύο Ζωές, Μια Παλιά αλλά Σύγχρονη Ιστορία, Τα Απομνημονεύματα μιας Μετοχής, Το Χρηματιστήριο είναι Πόλεμος, Γιατρός: Ο Άνθρωπος που Ξέρει τη Σωστή Συνταγή, Οι Θεατές Καλούνται να Συμμετέχουν στο Παιχνίδι, Ταξιδιώτης: Πάντα Έτοιμος για την Επόμενη Απογείωση, Αρμονία Κυνηγών και Θηραμάτων, Βιβλιογραφία. |
| 700 1# - ΠΡΟΣΘΕΤΗ ΑΝΑΓΡΑΦΗ--ΦΥΣΙΚΟ ΠΡΟΣΩΠΟ | |
| Personal name | Κωνσταντινίδης Σεραφείμ |
| 9 (RLIN) | 5617 |
| 942 ## - ADDED ENTRY ELEMENTS (KOHA) | |
| Koha item type | Books |
| Τύπος τεκμηρίου | Βιβλιοθήκη | Τρέχουσα τοποθεσία | Barcode | Αριθμός εισαγωγής | Ημερομηνία απόκτησης | Ταξιθετικό σύμβολο | Αριθμός αντιτύπου | Κατάσταση απόσυρσης | Κατάσταση χαμένου | Κατάσταση κατεστραμμένου | Μη δανεισμός | Σύνολο δανεισμών | Ημερομηνία τελευταίας εμφάνισης | Η τιμή ισχύει από |
|---|---|---|---|---|---|---|---|---|---|---|---|---|---|---|
| Books | MC Athens Campus Library | MC Athens Campus Library | 9780000046253 | 5426 | 05/06/2025 | 332.642 KON | 1 | 05/06/2025 | 05/06/2025 |